000 00458nam a2200157 a 4500
005 20140412111302.0
008 001116s19uu xx 00 eng d
020 _a0-307-01035-X
050 _aER
_bCi48
100 _aDisney, Walt
245 _aCinderella :
_cWalt Disney ; illustrated by Ron Dias and Bill Lorenz.
_bWalt Disney's /
260 _aNew York :
_bGolden Book,
_c1996.
300 _a1 v. (unp.) ; ill.
650 _aFairy tales
999 _c103486
_d103486